| 000 | 00632nam a2200193Ia 4500 | ||
|---|---|---|---|
| 003 | IN-BaIIA | ||
| 008 | 211028s9999 xx 000 0 eng d | ||
| 040 | _cIIA Library | ||
| 080 |
_a083.7:621.642 _bISI |
||
| 110 | _aIndian Standards Institution | ||
| 245 | 0 |
_aIndian standard code of practice for concrete structures for the storage of liquids _bpt. 4 _cIndian Standards Institution |
|
| 260 |
_aNew Delhi _bIndian Standards Institution _c1972 |
||
| 300 | _a49p. | ||
| 500 | _aIS 370 : Part 4 : 1967 | ||
| 650 |
_a Concrete structures - standards _98814 |
||
| 650 | _a Standards | ||
| 650 | _aNASA thesaurus | ||
| 942 | _cBK | ||
| 999 |
_c4919 _d4919 |
||